000 00770nam a22002537a 4500
001 BR9102181
003 BR-BrBNA
005 20230928093600.0
007 ta
008 230509b bl.||||| |||| 00| 0 por d
040 _aBR-BrBNA
_bpor
_cBiblioteca Nacional de Agricultura
041 _a(Por)
072 _aQ02
090 _ Q02 BR9102181
110 1 _aAssociacao Brasileira da Industria de Armazenagem Frigorificada, Sao Paulo, SP (Brasil)
_9179
245 1 _aNormas para manipulacao e a armazenagem de alimentos congelados ou supergelados
260 3 _aSao Paulo, SP (Brasil):
_c1981.
300 _a9 p.
650 _aALIMENTO CONGELADO
650 _aALIMENTO SUPERGELADO
650 _aARMAZENAMENTO
909 _a202309
_bLucia
_c55
_dLucia Elande
942 _cBK
999 _c45833
_d45833